LEADER 01576nam a2200325 u 4500 001 000000053001 003 CaOOAMICUS 005 20070226115518.0 008 001102s1984 it u000 u ita u 035 $a10860099 040 $aPUL$bita 100 1 $aFarina, Marcella,$csuora.$0(OLS)http://pul/name/23560 245 11$a"Chiesa di poveri e Chiesa dei poveri" :$bil problema teologico.$nParte prima,$pLa fondazione biblica di un tema conciliare /$cMarcella Farina. 246 30$aFondazione biblica di un tema conciliare 260 $aMilano :$b[s.n.],$c1984. 300 $a270 p. ;$c22 cm 490 1 $aFacoltà teologica dell'Italia settentrionale (Milano). Tesi di laurea ;$v18 490 1 $aIl prisma ;$v3 504 $aBibliografia: p. 15-44. 650 4$aChiesa.$0(OLS)http://pul/subject/2116 650 4$aPovertà.$0(OLS)http://pul/subject/5964 830 3$aIl prisma ;$v3.$0(OLS)http://pul/title/20363 830 0$aTesi di laurea (Facoltà teologica dell'Italia settentrionale (Milano)) ;$v18.$0(OLS)http://pul/title/71094 850 $aPUL 852 $aPUL$W1$xDP1 Tesi Varie$y51$mTH VAR 162$j189870$nBK-PRI$b $qTesi$B69966$CPULBib$Z2$F69966 $H82374 $82 941 1 $a16 961 $aINV: 82374 996 $6245$a"Chiesa di poveri e Chiesa dei poveri" :$bil problema teologico.$nParte prima,$pLa fondazione biblica di un tema conciliare$9(OLS)http://pul/title/71092 996 $6246$aFondazione biblica di un tema conciliare$9(OLS)http://pul/title/71093 996 $6260$aMilano :$b[s.n.]$9(OLS)http://pul/publisher/48974 LEADER 01407nam a2200337 u 4500 001 000000047374 003 CaOOAMICUS 005 20151019181307.0 008 990920s1999 it u000 u ita u 020 $a8831103253 032 $aLibriCat 035 $a10832869 040 $aPUL$bita 100 1 $aViglione, Massimo,$d1964-$0(OLS)http://pul/name/27409 245 10$aRivolte dimenticate :$ble insorgenze degli italiani dalle origini al 1815 /$cMassimo Viglione. 260 $aRoma :$bCittà Nuova,$c1999. 300 $a343 p. :$britr. ;$c20 cm 490 1 $aI volti della storia 504 $aBibliografia in nota alla fine di ogni capitolo. 651 4$aItalia$xStoria.$0(OLS)http://pul/subject/4417 700 1 $aMalgeri, Francesco.$0(OLS)http://pul/name/5797 700 1 $aCardini, Franco,$d1940-$0(OLS)http://pul/name/5528 830 2$aI volti della storia (Città Nuova ).$0(OLS)http://pul/title/119641 850 $aPUL 852 $aPUL$W1$xSL Filosofia 1$y2$m118 H 67$j63316$nBK-PRI$b $qStampati$B63316$CPULBib$Z2$F63316 $H $81 941 1 $a8 961 $aINV: 80072 996 $6020$a8831103253$9(OLS)http://pul/number/59118 996 $6245$aRivolte dimenticate :$ble insorgenze degli italiani dalle origini al 1815$9(OLS)http://pul/title/63763 996 $6260$aRoma :$bCittà Nuova$9(OLS)http://pul/publisher/47927